Individuální koučování manažerů

Definícia koučingu. Formy koučovania. Vlastnosti kouča. Typy koučovaných osôb. Prístupy ku koučingu. Úloha kouča. Námety na riešenie problému voľby vhodného kouča.

Saved in:
Bibliographic Details
Main Author: Beranová, Mira
Format: Book Chapter
Language:Czech
Subjects:
Tags: Add Tag
No Tags, Be the first to tag this record!

MARC

LEADER 00000naa a2200000 4500
001 r048529
005 20231002104355.8
041 0 |a cze 
044 |a CZ 
245 1 0 |a Individuální koučování manažerů  |c Mira Beranová 
520 |a Definícia koučingu. Formy koučovania. Vlastnosti kouča. Typy koučovaných osôb. Prístupy ku koučingu. Úloha kouča. Námety na riešenie problému voľby vhodného kouča. 
610 2 0 |a manažéri 
610 2 0 |a vzdelávanie 
610 2 0 |a práca personálna 
610 2 0 |a poradcovia 
610 2 0 |a empatia 
610 2 0 |a sebakontrola 
610 2 0 |a sebapoznanie 
610 2 0 |a koučovanie 
100 1 |a Beranová, Mira